| 000 | 00555nam a2200169 i 4500 | ||
|---|---|---|---|
| 001 | 26048 | ||
| 003 | ES-MaACL | ||
| 005 | 20230906153358.0 | ||
| 007 | t| | ||
| 008 | 030107s1947 sp ||||1| spa d | ||
| 100 | 1 |
_aArenson, Saul B. _922625 |
|
| 245 | 1 | 0 |
_aCómo resolver problemas numéricos en análisis cuantitativo / _cpor Saul B. Arenson ; traducción de Fernando Burriel. |
| 260 |
_aBarcelona : _bManuel Marín, _c1947 ( _fLa Neotipia) |
||
| 300 |
_a125 p. ; _c20 cm. |
||
| 700 | 1 |
_aBurriel, Fernando. _932770 |
|
| 852 |
_aES-MaACL _jD-7870 _bR.28950 |
||
| 999 |
_c26048 _d26048 |
||